Social change in a material world (Record no. 26664)

MARC details
000 -LEADER
fixed length control field 01656nam a22001697a 4500
020 ## - INTERNATIONAL STANDARD BOOK NUMBER
ISBN 9780367144531
082 ## - DEWEY DECIMAL CLASSIFICATION NUMBER
Classification number 303.4
Item number SCH-S
100 ## - MAIN ENTRY--AUTHOR NAME
Personal name Schatzki, Theodore R.
245 ## - TITLE STATEMENT
Title Social change in a material world
260 ## - PUBLICATION, DISTRIBUTION, ETC. (IMPRINT)
Place of publication New York
Name of publisher Routledge taylor & francis group london and new york
Year of publication 2019
300 ## - PHYSICAL DESCRIPTION
Number of Pages xiv,214p.
440 ## - SERIES STATEMENT/ADDED ENTRY--TITLE
Title Routledge studies in social and political thought
500 ## - GENERAL NOTE
General note include reference index
520 ## - SUMMARY, ETC.
Summary, etc Social Change in a Material World offers a new, practice theoretical account of social change and its explanation. Extending the author's earlier account of social life, and drawing on general ideas about events, processes, and change, the book conceptualizes social changes as configurations of significant differences in bundles of practices and material arrangements. Illustrated with examples from the history of bourbon distillation and the formation and evolution of digitally-mediated associations in contemporary life, the book argues that chains of activity combine with material events and processes to cause social changes. The book thereby stresses the significance of the material dimension of society for the constitution, determination, and explanation of social phenomena, as well as the types of space needed to understand them. The book also challenges the explanatory significance of such key phenomena as power, dependence, relations, mechanisms, and individual behavior. As such, it will appeal to sociologists, geographers, organization studies scholars, and others interested in social life and social change.
650 ## - SUBJECT ADDED ENTRY--TOPICAL TERM
Topical Term Social change
Form subdivision Economic aspects
-- Social aspects
942 ## - ADDED ENTRY ELEMENTS (KOHA)
Source of classification or shelving scheme Dewey Decimal Classification
Koha item type Books
Holdings
Withdrawn status Lost status Damaged status Not for loan Home library Current library Date acquired Source of acquisition Cost, normal purchase price Full call number Accession Number Cost, replacement price Price effective from Koha item type
        NASSDOC Library NASSDOC Library 24/03/2021 Overseas Press India Private Limited 2489.75 303.4 SCH-S 51407 3506.70 24/03/2021 Books